书目信息 |
| 题名: |
设计概论
|
|
| 作者: | 李立新 著 | |
| 分册: | ||
| 出版信息: | 重庆 重庆大学出版社 2004 |
|
| 页数: | 108页 | |
| 开本: | 28cm | |
| 丛书名: | 高等院校艺术设计专业丛书 | |
| 单 册: | ||
| 中图分类: | J06 | |
| 科图分类: | ||
| 主题词: | 美术理论 | |
| 电子资源: | ||
| ISBN: | 7-5624-2990-1 | |
| 000 | 00598nam2 2200217 45 | |
| 001 | 0503281535 | |
| 005 | 20050328154819.9 | |
| 010 | @a7-5624-2990-1@dCNY42.00 | |
| 100 | @a20050328d2004 km y0chiy0120 ea | |
| 101 | 0 | @achi |
| 105 | @a z 000yy | |
| 200 | 1 | @a设计概论@AShe Ji Gai Lun@f李立新著@FLi Li Xin Zhu |
| 210 | @a重庆@c重庆大学出版社@d2004 | |
| 215 | @a108页@d28cm | |
| 225 | @a高等院校艺术设计专业丛书 | |
| 410 | @12001 @a高等院校艺术设计专业丛书 | |
| 606 | 0 | @a美术理论 |
| 690 | @aJ06@v4 | |
| 701 | 0 | @a李立新@4著 |
| 801 | @aCN@bTSTCL@c20050328 | |
| 905 | @f3@b346266-268@dJ06@e126 | |
| 设计概论/李立新著.-重庆:重庆大学出版社,2004 |
| 108页;28cm.-(高等院校艺术设计专业丛书) |
| ISBN 7-5624-2990-1:CNY42.00 |
| ● |
| 相关链接 |
|
|
|
|
正题名:设计概论
索取号:J06/126
 
预约/预借
| 序号 | 登录号 | 条形码 | 馆藏地/架位号 | 状态 | 备注 |
| 1 | 0346266 | 203462662 | 第一样本阅览室/ [索取号:J06/126] | 在馆 | |
| 2 | 0346267 | 203462671 | 第一借阅区/ [索取号:J06/126] | 在馆 | |
| 3 | 0346268 | 203462680 | 第一借阅区/ [索取号:J06/126] | 在馆 |